[Event "HUN-chT U18"]
[Site "Budapest"]
[Date "2022.10.31"]
[Round "1.5"]
[White "Kovacs, Reka"]
[Black "Cseh, Dora"]
[Result "1-0"]
[WhiteElo "1781"]
[BlackElo "1324"]
[PlyCount "91"]
[EventDate "2022.10.31"]
[EventType "team-swiss"]
[EventRounds "7"]
[EventCountry "HUN"]
[SourceTitle "CBM 211 Extra"]
[Source "ChessBase"]
[SourceDate "2023.01.31"]
[SourceVersion "1"]
[SourceVersionDate "2023.01.31"]
[SourceQuality "1"]
[WhiteTeam "Geniusz Tata"]
[BlackTeam "Varosgazda Akademia"]
[WhiteTeamCountry "HUN"]
[BlackTeamCountry "HUN"]

1. e4 e5 2. Nf3 Nc6 3. Bb5 Nf6 4. d4 Bd6 5. Bxc6 dxc6 6. dxe5 0-0 7. exd6 Qxd6 8. Qxd6 cxd6 9. Nc3 d5 10. exd5 Re8+ 11. Be3 cxd5 12. 0-0-0 Rd8 13. Bg5 Be6 14. Nd4 h6 15. Bxf6 gxf6 16. Rhe1 Re8 17. Re3 Rad8 18. Rde1 Rd6 19. Ncb5 Rb6 20. Nc7 Re7 21. Nxd5 Rd7 22. Nxf6+ Kh8 23. Nxd7 Bxd7 24. Re7 Rd6 25. Rd1 f6 26. Nf3 Rxd1+ 27. Kxd1 Bg4 28. Rxb7 a6 29. c4 Bf5 30. c5 Be4 31. Rc7 a5 32. c6 f5 33. Rc8+ Kg7 34. c7 f4 35. Rb8 Bf5 36. Nd4 Bd7 37. c8Q Bxc8 38. Rxc8 a4 39. b4 Kf7 40. b5 Ke7 41. b6 Kd7 42. b7 a3 43. b8Q Ke7 44. Qe5+ Kd7 45. Rc7+ Kd8 46. Qe7# 1-0